O level made sample module 1 : Information technology : (Record no. 136269)

MARC details
000 -LEADER
fixed length control field 00701nam a22002057a 4500
010 ## - LIBRARY OF CONGRESS CONTROL NUMBER
LC control number B-040997
020 ## - INTERNATIONAL STANDARD BOOK NUMBER
International Standard Book Number 8176561509
035 ## - SYSTEM CONTROL NUMBER
System control number B-040997
037 ## - SOURCE OF ACQUISITION
Source of stock number/acquisition Cen Lib / Ret
040 ## - CATALOGING SOURCE
Original cataloging agency DPL
Language of cataloging En
082 ## - DEWEY DECIMAL CLASSIFICATION NUMBER
Classification number 004.21
Item number JAI
100 ## - MAIN ENTRY--PERSONAL NAME
Personal name Jain, Satish
9 (RLIN) 37803
245 ## - TITLE STATEMENT
Title O level made sample module 1 : Information technology :
Remainder of title according to revised syllabus for the year 2000 examination IT /
Statement of responsibility, etc by Satish Jain
260 ## - PUBLICATION, DISTRIBUTION, ETC. (IMPRINT)
Place of publication, distribution, etc New Dlehi
Name of publisher, distributor, etc BPB Publications
Date of publication, distribution, etc 1999
270 ## - ADDRESS
Address B-14, Connaught Place
City New Dlehi
Postal code 110001
300 ## - PHYSICAL DESCRIPTION
Extent various pages
Dimensions 27cm(Hb)
650 ## - SUBJECT ADDED ENTRY--TOPICAL TERM
Topical term or geographic name as entry element Information Technology
9 (RLIN) 138713
650 ## - SUBJECT ADDED ENTRY--TOPICAL TERM
Topical term or geographic name as entry element Computer science
9 (RLIN) 138714
942 ## - ADDED ENTRY ELEMENTS (KOHA)
Source of classification or shelving scheme Dewey Decimal Classification
Koha item type English Books
Classification part 004.21
Call number suffix JAI
Holdings
Withdrawn status Lost status Damaged status Not for loan Home library Current library Date acquired Source of acquisition Total Checkouts Total Renewals Full call number Barcode Date last seen Date checked out Copy number Price effective from Koha item type
        Central Library Central Library 17/03/2016 Cen Lib/Ret 3 1 004.21 JAI B-040997 21/05/2019 29/04/2019 1 17/03/2016 English Books

© Delhi Public Library
Hit Counter
free hit counter